Chargement en cours...

Pachakkuthirakalkku kathorthu /

Détails bibliographiques
Auteur principal: Roy, Arundhati
Autres auteurs: Rishi K. Manoj
Format: Printed Book
Langue:English
Publié: Kozhikode: Olive Publications, c2009.
Sujets:
LEADER 00744 a2200229 4500
008 150103s9999 000 0 eng
020 |a 9789382934769 
082 |a 320 
100 1 |a Roy, Arundhati. 
245 1 0 |a Pachakkuthirakalkku kathorthu / 
260 |a Kozhikode:  |b Olive Publications,  |c c2009. 
300 |a 233 p. 
500 |a Listening to grass-hoppers :field notes on democracy / 
650 0 |a Communalism 
650 0 |a Hindus 
650 0 |a Muslims 
650 0 |a Hindutva 
650 0 |a Terrorism 
700 |a Rishi K. Manoj. 
942 |c BK 
999 |c 307995  |d 307995 
952 |0 0  |1 0  |2 ddc  |4 0  |6 M_320_000000000000000_ROY_PA  |7 0  |9 353487  |a DRA  |b DRA  |c ST1  |d 2016-06-06  |i 9389  |l 2  |o M 320 ROY/PA  |p DRA9389  |r 2019-06-19  |s 2019-04-06  |v 190.00  |w 2016-06-06  |y BK